[Event "Mittelrhein Verbandsliga-W 15/16"]
[Site "Nordrheinwestfalen"]
[Date "2016.03.13"]
[Round "9.5"]
[White "Baldus, Alexander"]
[Black "Jazmati, Abdul"]
[Result "0-1"]
[WhiteElo "1862"]
[BlackElo "1661"]
[PlyCount "90"]
[EventDate "2015.09.06"]
[EventType "team-tourn"]
[EventRounds "11"]
[EventCountry "GER"]
[SourceTitle "EXT 2022"]
[Source "ChessBase"]
[SourceDate "2021.10.06"]
[SourceVersion "1"]
[SourceVersionDate "2021.10.06"]
[SourceQuality "1"]
[WhiteTeam "Pulheim"]
[BlackTeam "Eilendorf Arminia"]
[WhiteTeamCountry "GER"]
[BlackTeamCountry "GER"]

1. Nf3 Nf6 2. g3 d5 3. Bg2 c6 4. 0-0 e6 5. d3 Be7 6. Nbd2 Nbd7 7. e4 dxe4 8. Nxe4 e5 9. Qe2 0-0 10. Nfd2 Qc7 11. Re1 Re8 12. Kh1 Nd5 13. Nc4 b5 14. Ne3 N7b6 15. Nxd5 Nxd5 16. c4 bxc4 17. dxc4 Nb6 18. b3 Bf5 19. Bb2 f6 20. Rad1 Rad8 21. Qf3 Bg6 22. Nc3 Rc8 23. Rd2 Bc5 24. Red1 e4 25. Qg4 f5 26. Qh4 Be7 27. Qh3 Bg5 28. Rd4 e3 29. fxe3 Rxe3 30. Bc1 Rxc3 31. Bxg5 Re8 32. Qh4 Rc2 33. Bf4 Qb7 34. Bf3 Rf2 35. Bg2 Rxg2 36. Kxg2 c5+ 37. Rd5 Nxd5 38. cxd5 Qa6 39. Rd2 Re2+ 40. Kf3 Re8 41. d6 Qf1+ 42. Rf2 Qh1+ 43. Rg2 Qd1+ 44. Kf2 Re2+ 45. Kf3 Qd3+ 0-1

[Event "Mittelrhein Verbandsliga-W 15/16"]
[Site "Nordrheinwestfalen"]
[Date "2016.02.21"]
[Round "8.6"]
[White "Klasen, Henrik"]
[Black "Jazmati, Abdul"]
[Result "1/2-1/2"]
[WhiteElo "1892"]
[BlackElo "1661"]
[PlyCount "84"]
[EventDate "2015.09.06"]
[EventType "team-tourn"]
[EventRounds "11"]
[EventCountry "GER"]
[SourceTitle "EXT 2022"]
[Source "ChessBase"]
[SourceDate "2021.10.06"]
[SourceVersion "1"]
[SourceVersionDate "2021.10.06"]
[SourceQuality "1"]
[WhiteTeam "Horrem"]
[BlackTeam "Eilendorf Arminia"]
[WhiteTeamCountry "GER"]
[BlackTeamCountry "GER"]

1. c4 e5 2. g3 Nc6 3. Bg2 a6 4. Nc3 Bc5 5. e3 Nf6 6. Nge2 d6 7. d4 Ba7 8. 0-0 0-0 9. dxe5 Nxe5 10. b3 Rb8 11. h3 Bd7 12. Bb2 Qc8 13. Kh2 Bc6 14. e4 Bd7 15. Nd5 Nxd5 16. cxd5 Qd8 17. f4 Ng6 18. Nd4 Bb6 19. Nf5 f6 20. Qh5 Be8 21. Qg4 Bd7 22. Rae1 Rf7 23. Qh5 Ba5 24. Re3 Bb6 25. Ref3 Bb5 26. Re1 Ba5 27. Ree3 Bb6 28. Bd4 Ba5 29. e5 dxe5 30. fxe5 fxe5 31. Bxe5 Bb6 32. Re4 Qxd5 33. Bxg7 Rxf5 34. Rxf5 Qd7 35. Bh6 Rd8 36. Rg4 Qe6 37. Rf8+ Rxf8 38. Bd5 Rf2+ 39. Kh1 Rf1+ 40. Kh2 Rf2+ 41. Kh1 Rf1+ 42. Kh2 Rf2+ 1/2-1/2